Hợp tuyển văn học châu Âu. t.I, Văn học cổ đại Hy Lạp - La Mã /
Saved in:
| Other Authors: | |
|---|---|
| Format: | Book (Paper) |
| Language: | Vietnamese |
| Published: |
H. :
Đại học Quốc gia,
2002
|
| Tags: |
Add Tag
No Tags, Be the first to tag this record!
|
| Institutions: | Thư viện Trường Đại học Đà Lạt |
|---|
| LEADER | 00754nam a2200277 4500 | ||
|---|---|---|---|
| 001 | DLU040028404 | ||
| 005 | ##20040614 | ||
| 040 | # | # | |a DLU |b vie |
| 041 | # | # | |a vie |
| 044 | # | # | |a vn |
| 082 | # | # | |a 880.8 |b Hop |
| 245 | # | # | |a Hợp tuyển văn học châu Âu. |n t.I, |p Văn học cổ đại Hy Lạp - La Mã / |c Lê Nguyên Cẩn tuyển chọn và giới thiệu |
| 260 | # | # | |a H. : |b Đại học Quốc gia, |c 2002 |
| 300 | # | # | |a 703 tr. ; |c 21 cm |
| 700 | # | # | |a Lê Nguyên Cẩn |e tuyển chọn và giới thiệu |
| 923 | # | # | |a 18/2004 |
| 990 | # | # | |a t.I |
| 992 | # | # | |a 56500 |
| 994 | # | # | |a DLU |
| 900 | # | # | |a True |
| 911 | # | # | |a Đào Thị Thu Huyền |
| 925 | # | # | |a G |
| 926 | # | # | |a A |
| 927 | # | # | |a SH |
| 980 | # | # | |a Thư viện Trường Đại học Đà Lạt |